00552nam a2200205 a 4500001001300000003000900013005001700022008004100039020002300080082001500103100001800118245005900136260003400195300000900229500003500238505001000273650002200283650002300305700001800328nice12345678IN_TiNIC20260116012324.0050524s1994 dela grp 000 0 eng  a8190019 c15000a269.2bSHO aShourie, Arun aMissionaries in Indiab Continuities, Changes Dilemmas aDelhibASA Publicationsc1994 a302p aincludes index and biblioraphy2 aIndex aEvangelistic Work aMissionaries-india1 aShourie, Arun